| 000 | 00332nam a2200097Ia 4500 | ||
|---|---|---|---|
| 008 | 220120s9999||||xx |||||||||||||| ||und|| | ||
| 100 | _aKaryappa, Akshith Monnappa, Ragh Kuttappa and Rohith | ||
| 245 | 0 | _aAcoustic noise suppression | |
| 260 |
_aCoorg Institute of Technology _bPonnampet _c2013 |
||
| 650 | _aELECTRONICS AND COMMUNICATIONS | ||
| 999 |
_c138060 _d138060 |
||